000 00649nam a2200193Ia 4500
008 151121s9999||||xx |||||||||||||| ||und||
082 _a813/प्रभुदे
082 _bHNW-39991
100 _aप्रभुदेसाई बाळकृष्ण
245 _aआदिवास
260 _b"अभिजात प्रकाशन, कोल्हापूर"
260 _c--
300 _a120
600 _aप्रभुदेसाई बाळकृष्ण
630 _aआदिवास
700 _aप्रभुदेसाई बाळकृष्ण
730 _aआदिवास
942 _cBOOK
999 _c1229794
_d1229791